[Event "FRA-ch49"]
[Site "Chambery"]
[Date "1974.08.28"]
[Round "8"]
[White "Seret, Jean Luc"]
[Black "Bessenay, Maurice"]
[Result "1-0"]
[WhiteElo "2400"]
[BlackElo "2400"]
[Annotator "Primel,D"]
[PlyCount "65"]
[EventDate "1974.08.20"]
[EventType "swiss"]
[EventRounds "11"]
[EventCountry "FRA"]
[SourceTitle "EXT 2021"]
[Source "ChessBase"]
[SourceDate "2020.10.23"]
[SourceVersion "1"]
[SourceVersionDate "2020.10.23"]
[SourceQuality "1"]

1. e4 e5 {Le lyonnais avait obtenu un premier classement FIDE à 2400 au 01 er
juillet 1974, ce qui était particulièrement élevé à l'époque mais il
s'agissait manifestement davantage une performance que de son niveau réel et
à la fin 1974, il a d'ailleurs perdu 120 points après notamment ce
championnat de France plutôt raté. Jean-Luc SERET avait également obtenu
son premier classement FIDE à 2400 en juillet 1974. Deux joueurs classés à
2400 se rencontrant dans le cadre du championnat de France, c'était à
l'époque une petit événement mais dans cette partie le normand va
surclasser son adversaire.  Cette partie envoyée par le Champion de France en
2018 méritait néanmoins de passer à la postérité} 2. Nf3 Nc6 3. Be2 $5 {
Une ouverture pas très ambitieuse mais JL SERET évitait souvent les débats
théoriques. Cette Philidor en premier est d'ailleurs devenue assez populaire
à haut niveau et le TOP GMI JOBAVA en est devenu un spécialiste depuis 2015}
g6 $6 {Une ligne secondaire un peu douteuse} (3... Nf6 $142 $1 {[%cal Gf6e4]
Il est plus logique de gagner un tempo de développement} 4. d3 d5 5. Nbd2 Be7
{Seret,J (2365)-Schall,A (1895) FRA-ch 56th Vitrolles 1981 (8) 1-0} (5... Bc5
$142 6. O-O O-O 7. c3 a5 $132 {Grischuk,A (2761)-Caruana,F (2808) Paris GCT
Blitz 2017 (6) 1/2})) 4. d4 (4. c3 $5 Bg7 5. d4 d6 6. Na3 $5 Nf6 7. dxe5 Nxe4
8. Qd5 $1 f5 9. exd6 $16 {Jobava,B (2706)-Zaiatz,E (2423) Minsk Bronstein
Memorial op-A rapid 2014 (1) 1-0}) 4... exd4 (4... Nxd4 5. Nxd4 exd4 6. Qxd4
Qf6 7. Qc4 c6 8. O-O Bg7 9. Nc3 Ne7 10. Be3 O-O 11. Rad1 d5 12. exd5 cxd5 13.
Qc7 Qe5 14. Qxe5 Bxe5 15. Bd4 Bxd4 16. Rxd4 Be6 17. Rfd1 Rfc8 18. R4d2 a6 19.
Bf3 {1/2-1/2 (19) Hort,V-Milev,Z Varna 1962}) 5. Bg5 $6 (5. Nxd4 $142 Bg7 6.
Be3 Nf6 7. Nc3 O-O 8. O-O d5 $132 {Jobava,B (2706)-Kamsky,G (2714) RUS-chT
21st 2014 (3.2) 1-0}) 5... Be7 6. Bf4 d6 $146 (6... Nf6 7. e5 Nd5 8. Bh6 d6 9.
exd6 Qxd6 10. O-O Be6 11. Na3 O-O-O 12. Nb5 Qc5 13. Nfxd4 Nxd4 14. Nxd4 Bf6 15.
Nxe6 fxe6 16. Qc1 e5 {1/2-1/2 (16) Tatai,S-Ree,H Caorle 1972}) 7. O-O Bf6 $5 8.
c3 $5 dxc3 {L'acceptation est dangereuse avec un K Noir encore au centre mais
sinon les Blancs obtiennent le centre parfait} (8... Nge7 9. cxd4 $16 {[%csl
Gd4,Ge4]} O-O 10. Nc3 {[%cal Gd1d2]} Bg4 11. d5 Bxf3 12. Bxf3 Ne5 13. Be2 Re8
14. Qd2 $36 {[%cal Gf4h6]}) 9. Nxc3 $44 {[%csl Re8]} Be6 10. Nd5 $1 {[%cal
Gd5c7,Gd5f6]} Bg7 (10... Bxb2 $6 11. Rb1 Bg7 12. Rxb7 $36 {[%csl Rc6,Re8][%cal
Gd1a4]}) 11. Qb3 (11. Rc1) 11... Qc8 $6 {[%csl Rc8] Accentue le retard de
développement des Noirs} (11... Rb8 $142 {Un moindre mal}) 12. Rac1 $1 {
[%csl Rc7,Rc8][%cal Gc1c8]} Nge7 13. Ng5 $5 Nd4 $6 {[%csl Rd4] Risqué mais
les alternatives ne sont pas attrayantes pour les Noirs} (13... Bd7 14. Rfd1
O-O 15. Nxe7+ Nxe7 16. Bxd6 $1 $40) (13... O-O 14. Nxe7+ Nxe7 15. Bxd6 $40) 14.
Nxc7+ $6 {Une erreur dans l'ordre de coups} (14. Nxe6 $142 $3 {Le début
d'énormes complications!} Nxb3 (14... Nxe2+ 15. Kh1 fxe6 16. Rxc7 Qxc7 17.
Nxc7+ Kd7 18. Qxe6+ Kxc7 19. Qxe7+ Kc6 (19... Kc8 20. Bxd6) 20. Qxd6+) (14...
Nxe6 15. Nxe7 Kxe7 16. Bg4 $1 $40 {[%csl Rc7,Rc8][%cal Gg4c8]}) 15. Nxg7+ Kf8 (
15... Kd8 16. axb3 Nxd5 17. exd5 Ke7 18. Rfe1 {[%cal Ge1e7]} Kf6 19. Bh6 {
[%cal Gc1c3,Gc3f3] Et le K est dans un réseau de mat}) 16. Bh6 $1 {Trés
compliqué à jouer devant l'échiquier!} Nxc1 17. Ne6+ Kg8 (17... Ke8 18. Nf6#
) 18. Nf6# {Un joli mat!}) (14. Qa4+ $5 Nec6 (14... Ndc6 15. Nxe7) 15. Bd3)
14... Qxc7 15. Nxe6 Qxc1 $1 {La pointe!} 16. Bb5+ $1 {Contre-pointe!  les deux
adversaires se battent comme des chiffonniers} (16. Nxg7+ Kf8 $1 (16... Kd7 17.
Qxb7+ Qc7 {[%csl Rg7]} 18. Qa6 $13) 17. Rxc1 Nxb3 18. axb3 Kxg7 19. Rc7) (16.
Rxc1 Nxb3 17. Nxg7+ Kf8 18. axb3 (18. Bh6 Nxc1) 18... Kxg7 19. Rc7 Rhe8 20.
Bxd6 Nc6 21. Bc4 (21. f3) 21... Rad8 $1 22. Rxf7+ Kh6 23. Bf4+) 16... Nec6 17.
Nxg7+ {Gagne le B mais le N n'a plus de cases de repli et la position est
compliquée} Kf8 18. Bxc1 Nxb3 19. Bh6 $1 {[%cal Gh6f8,Gg7f5] Malgré
l'échange des Q, il y a encore des ressources tactiques et sur la découverte
le coup Kg8 pourrait mener à un mat} Nc5 $6 {[%cal Gc5e4]} (19... Nbd4 20.
Nf5+ Kg8 21. Nxd4 Nxd4 22. Bd3 (22. Bd7 Rd8 23. Bh3 f5 24. exf5 Nxf5 25. Bxf5
gxf5 26. Rc1 {[%csl Gc1][%cal Gc1c7]} (26. Re1 Kf7) 26... Kf7 27. Rc7+ Ke6 28.
Rxb7 Rd7 $17 {Et les Noirs ont fait le plus dur}) (22. Bc4 Rc8 23. Bd5 b6 24.
f4 $14 {[%cal Ge4e5,Gd5f7]}) 22... Rc8 $1) 20. b4 $1 (20. Nf5+ Ke8 21. Nxd6+
Ke7 22. Nxb7 Nd4 $13) (20. Nh5+ Ke7 21. Bg5+ Kd7 22. Nf6+ Kc7 23. Nd5+) 20...
Nd7 (20... Nxe4 21. Nf5+ Kg8 (21... Ke8) 22. Bxc6 bxc6 23. Ne7#) (20... Nxb4 $4
21. Nf5+ Kg8 22. Ne7# {Elégant}) 21. Nf5+ Ke8 (21... Kg8 22. Bxc6 bxc6 (22...
gxf5 23. Bxd7 f6 24. Bxf5 Kf7 25. Rc1 $1 {[%cal Gc1c7]} Rae8 26. Rc7+ Re7) 23.
Ne7#) 22. Nxd6+ Ke7 23. Nxb7 Rhc8 (23... Rac8 $144) 24. Rd1 Rc7 25. Bf4 $1 Nce5
(25... Rxb7 $2 26. Bxc6 {[%csl Ra8]}) 26. Nc5 $1 {[%csl Rd7,Re5] Lorsque deux
N sont obligés de se protéger mutuellement, ils sont souvent en danger
tactique.  Boris SPASSKY était ainsi cité dans "101 Tips to Improve Your
Chess" en disant que "Knights are at their weakest when défending each other"}
Nxc5 27. Bxe5 Rd7 28. Bxd7 Nxd7 29. Bd4 {[%cal Gd4c5]} Nb6 30. Bc5+ Ke6 31. f4
f6 32. Rd6+ {Jusqu'au bout de la partie, le K Noir sera attaqué} Kf7 33. Bd4 {
[%mdl 1] Une belle partie} 1-0

[Event "Corus"]
[Site "Wijk aan Zee"]
[Date "2004.01.15"]
[Round "5"]
[White "Zhang, Zhong"]
[Black "Bareev, Evgeny"]
[Result "1/2-1/2"]
[WhiteElo "2639"]
[BlackElo "2714"]
[Annotator "Psakhis,L"]
[PlyCount "82"]
[EventDate "2004.01.10"]
[EventType "tourn"]
[EventRounds "13"]
[EventCountry "NED"]
[EventCategory "19"]
[SourceTitle "CBM 099"]
[Source "ChessBase"]
[SourceDate "2004.03.30"]
[SourceVersion "1"]
[SourceVersionDate "2004.03.30"]
[SourceQuality "1"]

1. e4 e6 2. d3 d5 3. Qe2 Nc6 4. Nf3 e5 5. c3 (5. exd5 Qxd5 6. Nc3 Bb4 7. Bd2
Bxc3 8. Bxc3 Bg4 9. Qe4 (9. d4 O-O-O 10. dxe5 Nge7 11. Qc4 Bxf3 12. gxf3 Nxe5
13. Qxd5 Rxd5 14. Bg2 N5g6 15. f4 Rdd8 16. Bxg7 Rhe8 $36 {1-0 Rosito,
J-Kaidanov,G/American Continental-ch Buenos Aires 2003/(73)}) 9... Bxf3 10.
Qxf3 Qxf3 11. gxf3 f6 12. Rg1 Kf7 13. O-O-O Rd8 14. f4 exf4 15. Rg4 g5 16. Rxg5
fxg5 17. Bxh8 Nh6 $132 {1-0 Jones,G-Broomfield,M/S&WYM Millfield lSchoo 2003/ 
(55)}) (5. g3 dxe4 6. dxe4 Bg4 7. c3 Qd7 8. h3 Bh5 9. Bg2 O-O-O 10. Be3 f5 11.
g4 fxg4 12. Ng5 gxh3 13. Bxh3 Bxe2 14. Kxe2 Nf6 15. Bxd7+ Rxd7 16. Nd2 h6 $15 {
0-1 Iuldachev,S-Bertholee,R/Dieren op 2002 (41)}) 5... Nf6 6. Qc2 (6. b4 Bg4 7.
a3 a5 8. b5 dxe4 9. bxc6 exf3 10. gxf3 Be6 11. cxb7 Rb8 12. f4 exf4 13. Bg2 Bd6
14. Bc6+ Nd7 15. d4 O-O 16. Qb5 Qe7 $36 {0-1 Skripchenko,A-Ulibin,M/Dubai op
2003/ (40)}) 6... a5 7. Be2 h6 $146 (7... Bd6 8. O-O O-O 9. Nbd2 Ne7 10. Re1
Re8 11. Bf1 Ng6 12. exd5 Nxd5 13. d4 exd4 14. Rxe8+ Qxe8 15. Nxd4 c6 16. Nc4
Bc7 17. Bd2 Bd7 18. Re1 Qf8 $11 {Gallagher,J-Moor,O/SUI-ch Scuol 2001//1/2-1/2
(45)}) 8. O-O Bd6 9. Nbd2 O-O 10. Rd1 (10. exd5 Nxd5 11. Nc4 Re8 $13) 10... Re8
11. Nf1 Be6 12. Ng3 (12. Ne3 $5) 12... Qc8 (12... Qd7 $5 {[%cal Gd1d7]}) 13. h3
(13. exd5 Nxd5 14. Ne4 Be7 15. d4 $5) 13... a4 (13... d4 $5 14. Nh4 a4) 14. Be3
Ne7 {[%cal Gc7c5] The opening has taken a favourable turn for Black.} 15. Re1 (
15. c4 d4 (15... c6 $5) 16. Bxh6 $5 gxh6 17. c5 $13) 15... c5 $15 {Black
immediately takes this opportunity to grab some space on the queenside} 16.
exd5 Nfxd5 17. Ne4 Nxe3 18. fxe3 Bb8 $5 19. c4 (19. d4 exd4 20. exd4 cxd4 21.
Nxd4 Ba7 $36) 19... Ra6 (19... Nf5 20. Bf1 Nd6 $5) 20. Bf1 f5 $15 21. Nc3 Bd7
$5 {[%cal Gd7c6,Ga6g6]} 22. Nb5 Rg6 {Black got a big progress in developing
the initiative on the kingside.} (22... Bc6 $5 {[%cal Ge5e4]}) 23. Rad1 (23.
Qxa4 Bc6 24. Kh1 e4 $40) 23... Bc6 24. e4 (24. Nh4 Rg3 {[%cal Ge5e4]}) 24...
fxe4 25. dxe4 Qxh3 $17 {Black won a pawn and got excellent attacking chances
while White still has no real counter play.} 26. Rd3 Rf8 27. Qf2 b6 (27... Qg4
$5) 28. Nc3 Qg4 {Black has gained total control over the position and only
needs to find a plan of breaking through.} 29. Red1 Bc7 $6 (29... Bxe4 30. Nxe4
Qxe4 31. Rd8 {[%cal Ge2d3]} Rgf6 $19) 30. Qe3 Rf4 31. Re1 {Zhang Zhing has
managed to avoid the immediate defeat, but black's advantage is more than
obvious.} (31. Nd2 Nf5 $5) 31... Kh8 {This position probably requires more
active decisions:} (31... Nf5 $5 32. exf5 Rxf3 33. Qxf3 Bxf3 34. fxg6 Bc6 35.
Rxe5 $5 Qxg6 $17) ({or} 31... b5 $5 32. cxb5 $140 c4 $19) 32. Qe2 Kh7 (32...
Rgf6 33. Nd2) 33. Nd2 Qh4 (33... Qxe2 34. Bxe2 {[%csl Gc3,Gd5]}) 34. Rd1 Rgg4 (
34... Rf7 $5) 35. Nf3 Qf6 36. Nh2 Rg6 37. g3 $1 Qf7 $6 {Amazingly, but after
this move Black has already lost his winning chances.} (37... Qh4 $142 38. Qg2
Qg5 $17) 38. Bg2 Rff6 39. Ng4 $6 (39. Nd5 $5 Nxd5 $140 40. exd5 Bd7 41. Be4 Bf5
42. Ng4 $1) 39... Rxg4 (39... Qxc4 $5 40. Nxf6+ Rxf6) 40. Qxg4 Qxc4 41. b3 (41.
Rd7 Rg6 42. Qh3 Bxd7 43. Qxd7 (43. Rxd7 Bd6 $19) 43... a3 $1) 41... axb3 (41...
axb3 42. axb3 Qf7 $15) 1/2-1/2

[Event "FIDE World Cup"]
[Site "Tbilisi"]
[Date "2017.09.05"]
[Round "1.8"]
[White "Jobava, Baadur"]
[Black "Salgado Lopez, Ivan"]
[Result "1-0"]
[WhiteElo "2687"]
[BlackElo "2627"]
[Annotator "Sagar Shah"]
[PlyCount "75"]
[EventDate "2017.09.03"]
[EventType "k.o."]
[EventRounds "7"]
[EventCountry "GEO"]
[SourceTitle "CBM 181"]
[Source "ChessBase"]
[SourceDate "2017.11.10"]
[SourceVersion "1"]
[SourceVersionDate "2017.11.10"]
[SourceQuality "1"]

1. e4 e5 2. Nf3 Nf6 3. d3 {Baadur is always happy to play the Philidor with
reversed colours.} Nc6 4. c3 d5 5. Qc2 a5 6. a4 Bc5 7. Be2 O-O 8. O-O {White's
play has been utterly unambitious, but Baadur has great experience in these
lines. Thanks to which he gained quite a substantial edge on the clock.} h6 9.
h3 Be6 10. Re1 dxe4 11. dxe4 Qe7 12. Na3 Rad8 13. Bb5 Nd7 14. Be3 Bxe3 15. Rxe3
f6 16. Bc4 Bxc4 17. Nxc4 Qe6 18. Na3 Ne7 19. Rd1 Nc5 20. b4 Rxd1+ (20... Qb3 $1
{would have given Black absolutely no problems.} 21. Qxb3+ Nxb3 $11) 21. Qxd1
axb4 22. cxb4 Na6 23. b5 Nc5 24. Qc2 b6 25. a5 Ra8 26. Nc4 (26. a6 c6 $1 $17)
26... bxa5 $6 (26... Nc8 $1 27. a6 Na7 $17) 27. Ncxe5 $1 Nd7 28. Nxd7 Qxd7 29.
Qc4+ Kh7 30. e5 {White has gained a very strong initiative with some tactical
motifs like a check on e4 and the rook drops on a8.} Qd5 31. Qxc7 Qd1+ 32. Re1
Qd8 33. Qxd8 Rxd8 34. exf6 Nd5 35. Rd1 a4 36. f7 a3 37. Ne5 $1 {Baadur
finishes off the game to perfection.} a2 38. Nd7 1-0

[Event "Tata Steel-B 76th"]
[Site "Wijk aan Zee"]
[Date "2014.01.22"]
[Round "10"]
[White "Jobava, Baadur"]
[Black "Bok, Benjamin"]
[Result "1-0"]
[WhiteElo "2710"]
[BlackElo "2560"]
[Annotator "Schulz,Andre"]
[PlyCount "63"]
[EventDate "2014.01.11"]
[EventType "tourn"]
[EventRounds "13"]
[EventCountry "NED"]
[EventCategory "14"]
[SourceTitle "CBM 159"]
[Source "ChessBase"]
[SourceDate "2014.03.17"]
[SourceVersion "1"]
[SourceVersionDate "2014.03.17"]
[SourceQuality "1"]

1. e4 e5 2. Nf3 Nc6 3. Be2 {Die Spanische Eröffnung hat durch die Berliner
Verteidigung einiges von ihrem einstigen Schrecken verloren. Weiß sucht nach
neuen Wegen. 3.Le2 ist Philidor im Anzug. Und Spansich ist eigentlich auch: "..
. Philidor im Anzug, nur mit dem Läufer auf einem komischen Feld." (Eva Moser)
} Nf6 4. d3 d5 5. Nbd2 Bc5 ({Es ist nicht das erste Mal, dass Jobava seinen
Läufer nur bis e2 fährt.} 5... Bd6 6. O-O O-O 7. c3 a5 8. Re1 a4 9. Qc2 h6
10. Nf1 Re8 11. Ng3 Be6 12. Bd2 Bc5 13. b4 axb3 14. axb3 Rxa1 15. Rxa1 d4 16.
Qb2 Bg4 17. b4 dxc3 18. Bxc3 Bxf3 19. Bxf3 Bb6 20. Nf5 Qxd3 21. Rd1 Qc4 22. b5
Nxe4 23. Bxe4 Qxe4 24. bxc6 Qxf5 25. cxb7 Rb8 26. Bxe5 Rxb7 27. Bxc7 Bxf2+ 28.
Qxf2 Qxf2+ 29. Kxf2 Rxc7 30. h4 Rc4 31. g3 g5 32. hxg5 hxg5 33. Rd5 g4 34. Ke3
Kg7 35. Rd6 f6 36. Rd2 Kg6 37. Kf2 Kf5 38. Re2 Re4 39. Ra2 Rd4 40. Re2 Rd5 41.
Kg2 Re5 42. Rf2+ Ke6 43. Ra2 Rd5 44. Re2+ Kd6 45. Kf2 f5 46. Re8 Rb5 47. Rd8+
Ke5 48. Re8+ Kd4 49. Rd8+ Rd5 50. Re8 Kd3 51. Re3+ Kc4 52. Re2 Kd4 {1/2-1/2 
(52) Jobava,B (2695)-Adams,M (2752) Warsaw 2013}) 6. c3 a5 7. a4 O-O 8. O-O Re8
9. h3 h6 10. Qc2 b6 11. Re1 Bb7 {Alles so ähnlich, wie man es aus der
Philidor-Verteidigung kennt, nur mit vertauschten Farbe und einem Mehrtempo
für Weiß.} 12. Nf1 Bd6 (12... Qd7 13. Ng3 Bf8 14. Bd2 Rad8 15. Rad1 Qc8 16.
Bc1 d4 17. Rf1 Rd7 18. Nh2 Qd8 19. Kh1 Ne7 20. cxd4 Rxd4 21. Nf3 Nc6 22. Nxd4
Nxd4 23. Qb1 Nd7 24. Bg4 Nc5 25. Ne2 Nxa4 26. Nxd4 Qxd4 27. Be3 Qb4 28. f4 exf4
29. Rxf4 Rd8 30. Qa2 {1-0 (30) Moser,E (2453)-Newrkla,K (2133) Vienna 2013})
13. Ng3 Ne7 14. Nh4 c5 15. Bg4 ({Hat es alles schon mal gegeben. Nun ging es
im Vorgänger aber anders weiter.} 15. Bf3 Qc7 16. exd5 Nexd5 17. Nhf5 Bf8 18.
Ne4 Rad8 19. Ne3 Re6 20. Nc4 Nh7 21. Bg4 Ree8 22. h4 g6 23. h5 Nhf6 24. Bf3
Nxh5 25. Bxh5 gxh5 26. Ng3 Qc6 27. f3 Qg6 28. Kf2 h4 29. Nf1 Bg7 30. Qb3 h3 31.
gxh3 Qxd3 32. Nxa5 Ba8 33. Qc4 Qf5 34. Ng3 Qxh3 35. Rh1 Qe6 36. Nb3 Nf4 37.
Qxe6 Nd3+ 38. Kg2 Rxe6 39. Be3 Nxb2 40. a5 Nc4 41. Kf2 Rf6 42. Nd2 Nxd2 {
0-1 (42) Rossi,C (2367)-Solleveld,M (2468) Cork 2005}) 15... c4 {Schwarz wird
im Zentrum aktiv.} (15... Nxg4 16. hxg4 Bc7 17. Nhf5 Nxf5 18. Nxf5 {und der
Springer f5 ist etwas lästig.}) 16. dxc4 Nxe4 17. Rxe4 $5 {Einleitung zum
nächsten Zug.} dxe4 18. Bxh6 $6 {Damit hat Weiß nun einen ganzen Turm ins
Geschäft gesteckt.} ({Objektiv besser war:} 18. Nxe4 Qc7 $17 {, aber das war
ja nicht die Intention von Weiß.}) 18... Bc5 $2 {Schwarz lässt sich bluffen.}
({Möglich (und nötig) war:} 18... gxh6 19. Rd1 {mit der Idee Dc1 oder Dd2
sowie Sf5} (19. Qc1 Ng6 20. Nxg6 fxg6 21. Qxh6 Qf6 22. Bf5 e3 {und der Angriff
wird abgeschlagen:} 23. fxe3 Bc5 24. Re1 Re7 25. Bxg6 Qc6 26. Ne4 Rf8 $19)
19... Nc8 (19... Ng6 20. Nhf5 $19) 20. Nhf5 (20. Bxc8 Rxc8 21. Nhf5 Re6 22.
Nxe4 Bxe4 23. Qxe4 {und Weiß hat zuwenig für den Minusturm.}) 20... Qf6 21.
Qd2 Bf8 $19) 19. Rd1 Qc7 20. Qc1 e3 21. Bxe3 Bxe3 22. Qxe3 Qxc4 $2 {Das
verliert. Schwarz geht nun am Königsflügel unter.} (22... Rad8 23. Re1 e4 $11
) 23. Nh5 Qe4 24. Qg5 {Neben Matt auf g7 droht auch Sf6.} Ng6 25. Kh2 $6 {
Weiß geht auf Nummer Sicher.} ({Nicht} 25. Nxg6 $2 Qxg2#) ({Und nach} 25. f3
Qe2 {nun nicht} 26. Rd2 $2 Qe1+ 27. Kh2 Qxh4 $19) ({Strenger war aber} 25. Nxg7
Kxg7 26. Nf5+ Kg8 27. Bf3 Qc2 28. Rd7 Bxf3 29. Nh6+ Kh8 30. Nxf7+ Kh7 31. Nxe5+
$18) 25... Bc8 $2 ({Nun konnte Schwarz noch} 25... f6 {probieren:} 26. Qxg6
Qxg6 27. Nxg6 Red8 {und Weiß muss noch arbeiten.}) 26. f3 (26. Rd6 $18) 26...
Qc2 ({Zäher war} 26... f6 $5) 27. Rd6 Bxg4 28. hxg4 Kh7 29. Nxg6 fxg6 30. Nf6+
gxf6 31. Rd7+ Kg8 32. Qxf6 ({mit undeckbarem Matt.} 32. Qxf6) 1-0

[Event "Vienna op"]
[Site "Vienna"]
[Date "1990.??.??"]
[Round "8"]
[White "Kranzl, Peter"]
[Black "Fauland, Alexander"]
[Result "0-1"]
[WhiteElo "2300"]
[BlackElo "2455"]
[Annotator "Schussler,H"]
[PlyCount "128"]
[EventDate "1990.10.??"]
[EventType "swiss"]
[EventRounds "9"]
[EventCountry "AUT"]
[SourceTitle "CBM 021"]
[Source "ChessBase"]
[SourceDate "1991.04.01"]
[SourceVersion "1"]
[SourceVersionDate "1991.04.01"]
[SourceQuality "1"]

1. e4 e5 2. Nf3 Nc6 3. c3 Nf6 4. d4 Nxe4 5. d5 Nb8 6. Nxe5 Qe7 $5 (6... Bc5 7.
Qg4 O-O 8. Qxe4 d6 9. Bd3 f5 10. Qc4 b5 11. Qxb5 Qe7 12. O-O $14) (6... Bd6 7.
Qd4 O-O 8. Qxe4 Bxe5 $13) 7. Qd4 f5 8. Be2 Qf6 9. Nd2 d6 10. Nef3 Nxd2 11. Bxd2
Be7 12. O-O O-O 13. Rfe1 Nd7 14. Qxf6 Bxf6 15. Be3 Ne5 16. Rad1 Bd7 17. Nd4 {
White is minimally better.} a6 18. h3 Rae8 19. Bc1 g5 20. Bh5 Ng6 21. Ne6 Bxe6
22. dxe6 Re7 23. Rd5 Ne5 24. f4 gxf4 25. Bxf4 Rxe6 26. Bxe5 Bxe5 27. Rd3 Kg7
28. Kf1 Kf6 29. Re2 c6 30. Rf2 Kg5 31. Bd1 Rfe8 32. Bb3 d5 33. Re2 b5 34. Bc2
h5 35. Rf3 f4 36. Bd1 h4 37. Rd2 Bc7 38. Re2 Re4 39. Rd3 R8e7 40. Rxe4 Rxe4 41.
Bg4 Re7 42. Rd2 Bb6 43. Re2 Be3 44. Ke1 Kf6 45. Kd1 Ke5 46. Kc2 c5 47. Re1 a5
48. Rd1 c4 49. Bf3 Rd7 50. Rb1 b4 51. Rd1 Rd8 52. b3 cxb3+ 53. Kxb3 bxc3 54.
Kxc3 d4+ 55. Kb3 d3 56. Ka4 Kd4 57. Kxa5 Rb8 58. a4 Kc3 59. Be4 d2 60. Ka6 Rb6+
61. Ka5 Kd4 62. Bf3 Kd3 63. Ra1 Bd4 64. Rd1 Re6 0-1

[Event "Kecskemet"]
[Site "Kecskemet"]
[Date "1990.??.??"]
[Round "8"]
[White "Arkhipov, Sergey"]
[Black "Barczay, Laszlo"]
[Result "1-0"]
[WhiteElo "2440"]
[BlackElo "2335"]
[Annotator "Schussler,H"]
[PlyCount "33"]
[EventDate "1990.06.??"]
[EventType "tourn"]
[EventRounds "13"]
[EventCountry "HUN"]
[EventCategory "8"]
[SourceTitle "CBM 020"]
[Source "ChessBase"]
[SourceDate "1991.02.01"]
[SourceVersion "1"]
[SourceVersionDate "1991.02.01"]
[SourceQuality "1"]

1. e4 e5 2. d4 exd4 3. c3 dxc3 4. Nxc3 Nc6 5. Bc4 Bb4 6. Nf3 Nf6 (6... d6 $1 7.
Qb3 Bxc3+ 8. bxc3 Qd7 9. O-O Na5 $15 {Minev-Kortchnoi, 1960.}) 7. e5 d5 8. exf6
dxc4 9. fxg7 Rg8 10. Bh6 Qxd1+ 11. Rxd1 Bf5 12. O-O Bd3 13. Rfe1+ Kd7 14. Ng5
Rae8 15. Rxe8 Kxe8 16. Nd5 Be7 17. Nxh7 1-0

[Event "Cappelle op 23rd"]
[Site "Cappelle la Grande"]
[Date "2007.03.03"]
[Round "1"]
[White "Seret, Jean Luc"]
[Black "Nalbandian, Tigran"]
[Result "1/2-1/2"]
[WhiteElo "2378"]
[BlackElo "2523"]
[Annotator "Seret,JL/Primel,D"]
[PlyCount "113"]
[EventDate "2007.03.03"]
[EventType "swiss"]
[EventRounds "9"]
[EventCountry "FRA"]
[SourceTitle "EXT 2021"]
[Source "ChessBase"]
[SourceDate "2020.10.23"]
[SourceVersion "1"]
[SourceVersionDate "2020.10.23"]
[SourceQuality "1"]

1. e4 e5 2. Nf3 Nc6 3. Be2 Nf6 4. d3 d5 5. Nbd2 Bc5 6. O-O O-O 7. c3 a5 8. b3
Re8 9. a3 dxe4 $146 (9... Ba7 10. Rb1 dxe4 11. dxe4 Nh5 12. Nc4 Qf6 13. b4 axb4
14. axb4 Nf4 15. Bxf4 Qxf4 16. b5 Ne7 17. Ncxe5 Ng6 18. Nxg6 hxg6 19. e5 Bg4
20. Qd5 Bb6 21. Qxb7 Rad8 22. g3 Bxf3 23. Qxf3 Qxf3 24. Bxf3 Rd3 25. Bg4 Rxe5
26. Rbc1 Rd2 27. c4 g5 28. h3 g6 29. Bf3 Kg7 30. Kg2 Bc5 31. Rcd1 Rc2 32. Rd7
Re7 33. Rd5 Rxc4 34. Rxg5 Rc2 35. Rd5 Bb6 36. h4 Kf6 37. g4 Re5 38. Kg3 Rxd5
39. Bxd5 {Gelashvili,T (2551)-Hellsten,J (2477) Korinthos 2002 1/2-1/2}) 10.
Nxe4 $1 {Le coup naturel de4 permettait aux Noirs de prendre une petite
initiative} (10. dxe4 Nh5 {[%csl Gf4]} 11. g3 Bh3 12. Re1 Qf6 {[%cal Gf6g6,
Gh5f4]} 13. Nc4 {Les Blancs doivent pouvoir tenir avec un jeu précis} Nf4 $1
14. gxf4 Rad8 15. Qc2 Qg6+ 16. Ng5 exf4 17. Bxf4 {JL.S}) 10... Nxe4 11. dxe4
Qxd1 12. Bxd1 f6 13. Be2 Be6 $132 14. Nd2 Red8 (14... Rad8 15. Bb5 $5 {[%cal
Gb5e8]}) 15. a4 Rd7 (15... Kf7) 16. Bb5 Rad8 17. Bc4 $1 {L'échange du bon Be6
doit soulager les Blancs} Bxc4 18. Nxc4 Rd3 $1 $32 {[%csl Ra1,Rc1]} 19. Bb2
R8d7 20. Rac1 b6 21. Rc2 (21. Rfe1 {[%cal Gg1f1,Gf1e2,Ge1d1]}) 21... Nd8 22.
Bc1 Ne6 {[%csl Gf4]} 23. Nb2 {Les Blancs souffrent mais les Noirs n'ont rien
de décisif} R3d6 24. Nc4 Rd3 25. Nb2 R3d6 {Une répétition de coups pour
tester l'adversaire sur ses intentions et gagner du temps à la pendule avec
l'incrément} 26. Nc4 $11 Rd1 $6 {Les R Blanches étaient passives et
l'échange avantage les Blancs} 27. Bd2 Rxf1+ 28. Kxf1 Be7 29. Be3 Rd1+ 30. Ke2
Rg1 31. g3 Rb1 $1 32. Rb2 Ra1 33. Rd2 Rh1 34. h4 h5 35. Rd1 $1 {Les Blancs ont
fait le plus dur après avoir longuement souffert} Rxd1 36. Kxd1 Nc5 $1 37.
Bxc5 Bxc5 38. Ke2 Kf7 39. Nb2 $1 Ke6 40. Nd3 {La position optimale pour le N
et la finale est égale} Be7 41. f4 g6 42. Kf3 exf4 43. Nxf4+ Kf7 44. Nd5 Bd8
45. b4 c6 46. bxa5 bxa5 47. Nf4 Bc7 48. Nd3 g5 49. g4 Kg6 50. hxg5 fxg5 51.
gxh5+ Kxh5 52. Nf2 Be5 53. c4 Bd4 54. Ng4 Kg6 55. Ke2 Kh5 56. Kf3 Kg6 57. Ke2
1/2-1/2